000 01126cam a22002651i 4500
003 SA-RiAUC
005 20250704132021.0
008 250704s1982 iq g 000 0 ara c
040 _aIQ-KaIHL
_bara
_cSA-RiAUC.
_erda
082 0 4 _a250.83
_qSA-RiAUC
090 _a250.83
_bا س ر
100 1 _aالأسروشني، محمد بن محمود بن حسين،
_dتوفي 632 هجري
_eمؤلف.
245 1 0 _aجامع أحكام الصغار /
_cمحمد بن محمود بن حسين الأسروشني ؛ تحقيق عبد الحميد عبد الخالق البيزلي.
250 _aالطبعة الأولى.
264 1 _aبغداد :
_b[الناشر غير محدد]،
_c1982
300 _aمجلد ؛
_c24 سم
336 _aنص
_btxt
_2rdacontent
_3كتاب
337 _aبدون وسيط
_bn
_2rdamedia
338 _aمجلد
_bnc
_2rdacarrier
650 7 _aالأطفال (فقه إسلامي)
_2aucsh
650 7 _aالأطفال في الإسلام
_2aucsh
700 1 _aالبيزلي، عبد الحميد عبد الخالق
_eمحقق.
942 _2ddc
_cBOOK
_n0
949 _aSA-JeALM
_d250704
_ueid123
_n1
999 _c9425
_d9425